Statistics for Movies about Golf

Click here to take the quiz!

General Stats

  • This quiz has been taken 638 times
  • The average score is 4 of 10

Answer Stats

Year Plot Movie % Correct
1996A rejected hockey player turns to the golf course to save his grandmother's houseHappy Gilmore
87%
1996A washed-up golf pro tries to qualify for the US Open to win the heart of his rival's girlfriendTin Cup
82%
1980An exclusive golf course must deal with a brash new memberCaddyshack
80%
2005A young golfer plays against his idol in the 1913 US OpenThe Greatest Game Ever Played
43%
2000A down-and-out golfer attempts to recover his game and life with help from his caddyThe Legend of Bagger Vance
42%
2004Wildly successful amateur golfer co-founds the Masters tournament and retires at the age of 28Bobby Jones: Stroke of Genius
24%
2011Following a disastrous professional debut, a young golfer finds himself stranded and welcome by an eccentric rancherSeven Days in Utopia
10%
2002Characters' lives are transformed one summer at an exclusive country clubA Gentleman's Game
1%
1999Young woman plays dirty (wink wink) to lure golfers away from new rival country club and back to her grandfather's courseGolfballs!
1%
1998An out-of work pro teaches the game to hapless youngstersGolf Punks
0%

Score Distribution

Percentile by Number Answered

Percent of People with Each Score

Your Score History

You have not taken this quiz